[Event "Mecklenburg VP-ch Youth"]
[Site "Malchow"]
[Date "2017.02.12"]
[Round "5.9"]
[White "Stange, Laura"]
[Black "Braeutigam, Pascal"]
[Result "0-1"]
[WhiteElo "1277"]
[BlackElo "1404"]
[PlyCount "114"]
[EventDate "2017.02.08"]
[EventType "swiss"]
[EventRounds "7"]
[EventCountry "GER"]
[SourceTitle "EXT 2022"]
[Source "ChessBase"]
[SourceDate "2021.10.06"]
[SourceVersion "1"]
[SourceVersionDate "2021.10.06"]
[SourceQuality "1"]

1. e4 c5 2. c4 Nc6 3. Nc3 g6 4. g3 Bg7 5. Bg2 Nf6 6. d3 d6 7. Be3 0-0 8. Nge2 Ng4 9. Qd2 Nb4 10. a3 Nxe3 11. fxe3 Nc6 12. 0-0 Bh6 13. Nf4 e5 14. Nfd5 Be6 15. Rf2 Bg7 16. Raf1 a6 17. Kh1 Rb8 18. a4 Na7 19. b4 cxb4 20. Nxb4 Qa5 21. Nbd5 Kh8 22. Qd1 Nc6 23. Rb2 Bh6 24. Re1 f5 25. h3 fxe4 26. dxe4 Rf7 27. Kh2 Kg8 28. Rf1 Rbf8 29. Rxf7 Rxf7 30. Rb6 Bxd5 31. Nxd5 Bxe3 32. Rb3 Bc5 33. Rf3 Rxf3 34. Bxf3 Nd4 35. Bg2 Kg7 36. h4 Qd8 37. Qb1 Qd7 38. Bh3 Qf7 39. Qf1 Nf3+ 40. Kh1 Nd2 41. Qe2 Qf2 42. Qxf2 Bxf2 43. Kg2 Be1 44. Bc8 Nxe4 45. Bxb7 Nc5 46. Bc6 a5 47. Nb6 e4 48. Nc8 e3 49. Kf3 Bd2 50. Nxd6 Ne6 51. Nb5 Kf6 52. Ke2 Ke5 53. Kd3 Nc5+ 54. Kc2 Nxa4 55. Na3 Nc5 56. Kd1 Ne4 57. Nc2 Nc3# 0-1

[Event "Mecklenburg VP-ch U16 Girls"]
[Site "Malchow"]
[Date "2015.02.??"]
[Round "2.4"]
[White "Dorendorf, Lena"]
[Black "Stange, Laura"]
[Result "0-1"]
[WhiteElo "1147"]
[BlackElo "1151"]
[PlyCount "102"]
[EventDate "2015.02.04"]
[EventType "tourn"]
[EventRounds "7"]
[EventCountry "GER"]
[SourceTitle "EXT 2022"]
[Source "ChessBase"]
[SourceDate "2021.10.06"]
[SourceVersion "1"]
[SourceVersionDate "2021.10.06"]
[SourceQuality "1"]

1. e4 e5 2. Nf3 Nc6 3. Bb5 Nge7 4. d4 exd4 5. Nxd4 a6 6. Ba4 d6 7. Bg5 f6 8. Bh4 Bd7 9. Nc3 Ne5 10. Ne6 Qc8 11. Bxd7+ Qxd7 12. Nxf8 Rxf8 13. Bg3 0-0-0 14. 0-0 g5 15. Qd4 N7c6 16. Qd2 h5 17. Bxe5 dxe5 18. Qxd7+ Rxd7 19. Rfd1 Rfd8 20. Rxd7 Rxd7 21. Nd5 Rf7 22. b4 Ne7 23. Nxe7+ Rxe7 24. Rd1 b5 25. Rd5 Rd7 26. Rxd7 Kxd7 27. Kf1 Kc6 28. Ke2 Kb6 29. Kd3 c5 30. c3 a5 31. a3 cxb4 32. cxb4 axb4 33. axb4 Kc6 34. Ke3 Kd6 35. h3 Ke6 36. f3 f5 37. g3 f4+ 38. gxf4 exf4+ 39. Kf2 Ke5 40. Ke2 Kd4 41. Kd2 Kc4 42. Kc2 Kxb4 43. Kd3 Kc5 44. Kc3 b4+ 45. Kb3 Kb5 46. Kb2 Kc4 47. Kc2 g4 48. hxg4 hxg4 49. fxg4 f3 50. Kd2 b3 51. g5 b2 0-1

[Event "Mecklenburg VP-ch U14"]
[Site "Malchow"]
[Date "2014.02.03"]
[Round "5"]
[White "Jaster, Steven"]
[Black "Stange, Laura"]
[Result "1-0"]
[WhiteElo "1281"]
[BlackElo "1208"]
[PlyCount "99"]
[EventDate "2014.02.01"]
[EventType "swiss"]
[EventRounds "7"]
[EventCountry "GER"]
[SourceTitle "EXT 2017"]
[Source "ChessBase"]
[SourceDate "2016.10.25"]
[SourceVersion "1"]
[SourceVersionDate "2016.10.25"]
[SourceQuality "1"]

1. d4 d5 2. c4 c6 3. e3 Nf6 4. Nf3 Bf5 5. Nc3 e6 6. Bd3 Bg6 7. 0-0 Bd6 8. Re1 0-0 9. b3 Bh5 10. e4 dxe4 11. Nxe4 Nxe4 12. Bxe4 Nd7 13. Bb2 Qc7 14. h3 Rae8 15. Re3 Bf4 16. Rd3 Bg5 17. g4 Bg6 18. Nxg5 Qf4 19. Bxg6 fxg6 20. Qd2 Qd6 21. Ne4 Qc7 22. Rd1 e5 23. Ba3 Rf4 24. dxe5 Qxe5 25. Rxd7 Qxe4 26. Rd8 Rf3 27. Rxe8+ Qxe8 28. Qd8 Qxd8 29. Rxd8+ Kf7 30. Rd7+ Ke6 31. Rxb7 Rf7 32. Rxf7 Kxf7 33. Kg2 Ke6 34. Kf3 Ke5 35. Ke3 g5 36. Bb2+ Ke6 37. Bxg7 Kf7 38. Bd4 a6 39. a4 Ke6 40. Bb6 Kd6 41. Kd4 Ke7 42. b4 Kd6 43. b5 cxb5 44. axb5 axb5 45. cxb5 Kd7 46. Kd5 Kc8 47. Kc6 Kb8 48. Bc7+ Ka7 49. b6+ Ka6 50. b7 1-0

[Event "North Germany-chT U14 Girls"]
[Site "Guestrow"]
[Date "2013.09.13"]
[Round "2.1"]
[White "Waechter, Nathalie"]
[Black "Stange, Laura"]
[Result "1-0"]
[WhiteElo "1816"]
[BlackElo "1261"]
[PlyCount "75"]
[EventDate "2013.09.13"]
[EventType "team-swiss"]
[EventRounds "5"]
[EventCountry "GER"]
[SourceTitle "EXT 2017"]
[Source "ChessBase"]
[SourceDate "2016.10.25"]
[SourceVersion "1"]
[SourceVersionDate "2016.10.25"]
[SourceQuality "1"]
[WhiteTeam "Harksheide"]
[BlackTeam "Eintracht Neubrandenburg"]
[WhiteTeamCountry "GER"]
[BlackTeamCountry "GER"]

1. e4 e5 2. Nf3 Nc6 3. Bc4 Bc5 4. c3 Nf6 5. d3 d6 6. 0-0 Bg4 7. Nbd2 Qd7 8. Re1 0-0-0 9. b4 Bb6 10. a4 a6 11. b5 Nb8 12. bxa6 Nxa6 13. a5 Ba7 14. Rb1 Nc5 15. Ba3 d5 16. Bxc5 Bxc5 17. Qb3 Rde8 18. Qxb7+ Kd8 19. Bb5 c6 20. Bxc6 Qxb7 21. Rxb7 Re7 22. exd5 Rxb7 23. Bxb7 Kc7 24. Bc6 Rb8 25. Nxe5 Rb2 26. Nec4 Ra2 27. d4 Ba7 28. f3 Bd7 29. Bxd7 Kxd7 30. d6 Kc6 31. Re7 Bb8 32. Rxf7 Bxd6 33. Nxd6 Kxd6 34. Ne4+ Ke6 35. Rxg7 Rxa5 36. Nxf6 Kxf6 37. Rxh7 Ra2 38. c4 1-0

[Event "GER-chT North U14 Girls"]
[Site "Guestrow"]
[Date "2012.09.07"]
[Round "2.1"]
[White "Stange, Laura"]
[Black "Manusina, Nicole"]
[Result "0-1"]
[WhiteElo "1095"]
[BlackElo "1800"]
[PlyCount "68"]
[EventDate "2012.09.07"]
[EventType "team-swiss"]
[EventRounds "5"]
[EventCountry "GER"]
[SourceTitle "EXT 2015"]
[Source "ChessBase"]
[SourceDate "2014.11.20"]
[SourceVersion "1"]
[SourceVersionDate "2014.11.20"]
[SourceQuality "1"]
[WhiteTeam "Neubrandenburg"]
[BlackTeam "Oesede Georgsmarienhuette"]
[WhiteTeamCountry "GER"]
[BlackTeamCountry "GER"]

1. e4 c6 2. d4 d5 3. exd5 cxd5 4. Nf3 Nc6 5. Nc3 Nf6 6. Bf4 a6 7. Bd3 g6 8. h3 Bg7 9. Qd2 0-0 10. 0-0-0 Re8 11. g4 b5 12. g5 Nh5 13. Kb1 Nxd4 14. Nxd4 Bxd4 15. Be3 Bh8 16. Be2 e6 17. Bxh5 gxh5 18. Bf4 Bb7 19. Rhg1 Rc8 20. a3 Qa5 21. Rg3 e5 22. Nxd5 Qxd2 23. Bxd2 Bxd5 24. c3 Rcd8 25. Re1 h4 26. Rg4 Be6 27. Rxh4 Rxd2 28. f3 Red8 29. Kc1 Bb3 30. Rd4 Rc2+ 31. Kd1 exd4 32. c4 d3 33. cxb5 Rxb2+ 34. Kc1 d2# 0-1